000 00715nam a2200181 u 4500
001 000271221
003 AM-YeHGA
005 20250618071804.0
008 031013s1960 ai r 000 0 arm d
040 _aAM-YeHGA
100 1 _aՂարիբյան, Ռուբեն Զաքարի,
_d1914-
_92660
245 1 0 _aԱնտառային ձայներ :
_b[Բանաստեղծություններ] /
_cՌ.Զ. Ղարիբյան; Խմբ.՝ Վ.Գ. Դանիելյան.
260 _aԵրևան :
_bՀայպետհրատ,
_c1960.
300 _a96 էջ ;
_c20 սմ.
650 1 4 _aՀայ գրականություն
_xՊոեզիա
700 1 _aԴանիելյան, Վլադիմիր Գալուստի,
_d1927-
_eխմբ.
_4edt
_92553
090 _c99466
999 _c98157
_d98157